Country to First Letter of the Capital - Click Quiz - Statistics

General Stats
  • This quiz has been taken 87 times
    71 since last reset
  • The average score is 133 of 193
Answer Stats
Hint Answer % Correct
Netherlands A
83%
Portugal L
83%
Singapore S
83%
Andorra A
80%
Greece A
80%
Algeria A
80%
Germany B
80%
Romania B
80%
Switzerland B
80%
Thailand B
80%
Argentina B
80%
Egypt C
80%
Australia C
80%
Israel J
80%
Ukraine K
80%
Kuwait K
80%
Jamaica K
80%
Luxembourg L
80%
United Kingdom L
80%
Peru L
80%
Monaco M
80%
Russia M
80%
Philippines M
80%
Mexico M
80%
Cyprus N
80%
France P
80%
Italy R
80%
Bosnia and Herzegovina S
80%
San Marino S
80%
South Korea S
80%
Chile S
80%
Iran T
80%
Japan T
80%
Tunisia T
80%
Mongolia U
80%
Austria V
80%
Malta V
80%
Vatican City V
80%
Poland W
80%
Turkey A
78%
Ethiopia A
78%
Ghana A
78%
Belgium B
78%
Hungary B
78%
China B
78%
Brazil B
78%
Denmark C
78%
Ireland D
78%
Djibouti D
78%
Guatemala G
78%
Vietnam H
78%
Pakistan I
78%
Belarus M
78%
Spain M
78%
Norway O
78%
Czech Republic P
78%
North Korea P
78%
Panama P
78%
Iceland R
78%
Saudi Arabia R
78%
North Macedonia S
78%
Costa Rica S
78%
El Salvador S
78%
New Zealand W
78%
Jordan A
76%
United Arab Emirates A
76%
Iraq B
76%
Lebanon B
76%
Colombia B
76%
Qatar D
76%
Syria D
76%
Finland H
76%
Cuba H
76%
Afghanistan K
76%
Malaysia K
76%
Nepal K
76%
Oman M
76%
Nicaragua M
76%
Uruguay M
76%
Canada O
76%
Montenegro P
76%
Cambodia P
76%
Ecuador Q
76%
Morocco R
76%
Bulgaria S
76%
Sweden S
76%
Albania T
76%
Georgia T
76%
Taiwan T
76%
United States W
76%
Croatia Z
76%
Paraguay A
73%
Slovakia B
73%
Azerbaijan B
73%
Guinea-Bissau B
73%
Moldova C
73%
Bangladesh D
73%
Indonesia J
73%
Democratic Republic of the Congo K
73%
Angola L
73%
Maldives M
73%
Kenya N
73%
Haiti P
73%
Yemen S
73%
Libya T
73%
Liechtenstein V
73%
Lithuania V
73%
Madagascar A
71%
Venezuela C
71%
East Timor D
71%
Sudan K
71%
Slovenia L
71%
Papua New Guinea P
71%
Latvia R
71%
São Tomé and Príncipe S
71%
Dominican Republic S
71%
Honduras T
71%
Laos V
71%
Nigeria A
68%
Serbia B
68%
Brunei B
68%
Belize B
68%
Somalia M
68%
Bahamas N
68%
Kosovo P
68%
Estonia T
68%
Seychelles V
68%
Senegal D
66%
Guyana G
66%
Zimbabwe H
66%
South Sudan J
66%
Suriname P
66%
Sri Lanka S
66%
Fiji S
66%
Republic of the Congo B
63%
Tanzania D
63%
Sierra Leone F
63%
Uganda K
63%
Zambia L
63%
Liberia M
63%
Mozambique M
63%
India N
63%
Burkina Faso O
63%
Namibia W
63%
Armenia Y
63%
Turkmenistan A
61%
Central African Republic B
61%
Botswana G
61%
Rwanda K
61%
Lesotho M
61%
Niger N
61%
Uzbekistan T
61%
Kazakhstan A
59%
Eritrea A
59%
Togo L
59%
Bahrain M
59%
Mauritania N
59%
Trinidad and Tobago P
59%
Samoa A
56%
Guinea C
56%
Malawi L
56%
Chad N
56%
Antigua and Barbuda S
56%
Bhutan T
56%
Gambia B
54%
Mali B
54%
Eswatini M
54%
Myanmar N
54%
Cape Verde P
54%
Kyrgyzstan B
51%
Barbados B
51%
Saint Lucia C
51%
Tajikistan D
51%
Gabon L
51%
Equatorial Guinea M
51%
Palau N
51%
Dominica R
51%
Cameroon Y
51%
Tuvalu F
49%
Mauritius P
49%
Vanuatu P
49%
Ivory Coast Y
49%
Comoros M
46%
Grenada S
46%
Burundi G
44%
Solomon Islands H
41%
Marshall Islands M
41%
Kiribati S
41%
Nauru Y
41%
Tonga N
39%
Federated States of Micronesia P
39%
Saint Kitts and Nevis B
37%
Saint Vincent and the Grenadines K
29%
No matching quizzes found
Score Distribution
Percent of People with Each Score
Percentile by Number Answered
Your Score History
You have not taken this quiz since the last reset